=LDR 00000nam 2200000 4500 =001 INLIS000000000810221 =005 20251116013730 =035 ##$$a 0010-1125000075 =245 ##$$a Mereka adalah para : $b Shahabiyat ( Kisah Kisah wanita menakjubkan yang belum pernah tertandingi hingga hari ini ) /$c Mahmud mahdi Al Istanbul Musthafa abu an nashr asy syalabi =250 ##$$a Cet. XV =300 ##$$a 367 hlm ; $c 24 cm =260 ##$$a Solo :$b At Tibyan,$c 2011 =008 251116###########################0###### =020 ##$$a 9789791189736 =082 ##$$a 297.092 =084 ##$$a 297.092 MAH =990 ##$$a 00000004734